000 00793nam a2200181 a 4500
008 120209c20039999||||||||||||||||| || u
050 _aCD/TA 340 Dec
100 _aDeCoursey, W.J. (William J.)
245 1 0 _aStatistics and probability for engineering applications: with Microsoft® Excel. [electronic resource]
_cby W. J. DeCoursey
_h[cd-rom]
260 _aBurlington, MA
_bElsevier
_c2003
300 _a4 3/4 in.
350 _a0.00
500 _aThe CD-ROM is accompanied with a textbook available in the main collection.
650 _aMICROSOFT EXCEL(COMPUTER FILE)
650 _aENGINEERING--STATISTICAL METHODS
650 _aENGINEERING
995 _D0.00
_FCBU-MAIN LIBRARY (Kitwe)
_H1
_I0.00
_M1
_UAVAILABLE
_WFeb 9, 2012
_Ze-Media Collection
999 _c58349
_d58349